00787nam a22002057a 4500999001900000005001700019010001300036020001100049035001200060037001600072082000800088100003400096245007300130246005300203260004900256270008500305300002100390942002700411952014300438 c189242d18924220220622142905.0 aUR-11601 c500.00 aU-10156 bDBAD/PUBa- a841 aعا دل رضا منصوری aسنّا ٹے کی پر چھا یی /cعا دل رضا منصوری aSannate ki Parchhaaiin /bby Aadil Raza Mansoori aRajasthanbIstifsaar Publicationsc2022 ء  a413, Mahima Heritage, Central Spine, Vidhyadhar Nagar, JaipurbRajasthane302039 a196 صc22cm(Hb) 2ddccURh841mع ا د 001040708NFICaLbLd2022-06-22eDBAD/PUBg500.00l1o841 ع ا دpU-10156r2023-02-23 00:00:00s2023-02-14t1v500.00w2022-06-22yUR